[Event "Shakin SM 2025"]
[Site "Shakkiareena, Helsinki, Finland"]
[Date "2025.06.27"]
[Round "1.1"]
[White "Tiitta, Sauli"]
[Black "Oksanen, Timo"]
[Result "1-0"]
[WhiteElo "2157"]
[BlackElo "1861"]
[PlyCount "83"]
[GameId "535511109581"]
[EventDate "2025.??.??"]

1. c4 e5 2. Nc3 d6 3. g3 f5 4. Bg2 Nf6 5. d4 Be7 6. e3 c6 7. Nge2 O-O 8. O-O Nbd7 9. b4 e4 10. Qb3 Nb6 11. f3 Be6 12. d5 cxd5 13. cxd5 Nbxd5 14. fxe4 Nf4 15. Qd1 Nxg2 16. exf5 Nxe3 17. Bxe3 Bc4 18. Rf3 Ng4 19. Bd4 Ne5 20. Rf4 b5 21. Ne4 a5 22. a3 axb4 23. axb4 Rxa1 24. Bxa1 Nd7 25. Qd4 Qb6 26. Qxb6 Nxb6 27. Rg4 Rf7 28. Nd4 Nd7 29. Nc6 d5 30. Bxg7 Rxg7 31. Nxe7+ Kf7 32. Rxg7+ Kxg7 33. Nc3 d4 34. Ne4 Kf7 35. Nc8 Ne5 36. h3 d3 37. Kf2 Nc6 38. Ncd6+ Kf8 39. Nxc4 bxc4 40. b5 Na5 41. Ke3 Ke7 42. Kd4 1-0

[Event "Shakin SM 2025"]
[Site "Shakkiareena, Helsinki, Finland"]
[Date "2025.06.27"]
[Round "1.2"]
[White "Louhivaara, Jere"]
[Black "Ketola, Ville"]
[Result "1/2-1/2"]
[WhiteElo "1900"]
[BlackElo "2112"]
[PlyCount "74"]
[GameId "535511371726"]
[EventDate "2025.??.??"]

1. e4 c5 2. c3 d5 3. exd5 Qxd5 4. d4 cxd4 5. cxd4 a6 6. Nc3 Qd8 7. Nf3 Nf6 8. Be2 e6 9. O-O Be7 10. h3 O-O 11. Be3 b5 12. Ne5 Bb7 13. Bf3 Nd5 14. Nxd5 Bxd5 15. Rc1 f6 16. Nd3 g5 17. b3 Ra7 18. Nc5 Bxc5 19. Bxd5 Qxd5 20. Rxc5 Qd6 21. Qc2 Nd7 22. Rc6 Qd5 23. Rc1 Rf7 24. Rc8+ Kg7 25. Qc6 Nf8 26. Rc5 Qd7 27. Kf1 Ng6 28. g3 Ne7 29. Qxd7 Rxd7 30. Ra8 Rd6 31. g4 h5 32. a4 bxa4 33. bxa4 hxg4 34. hxg4 Nd5 35. Ra5 Nb4 36. Rb8 Nd5 37. Ra8 Nb4 1/2-1/2

[Event "Shakin SM 2025"]
[Site "Shakkiareena, Helsinki, Finland"]
[Date "2025.06.27"]
[Round "1.3"]
[White "Salmenkivi, Eero"]
[Black "Karasmaki, Seppo"]
[Result "1/2-1/2"]
[WhiteElo "2050"]
[BlackElo "1785"]
[PlyCount "98"]
[GameId "535511371726"]
[EventDate "2025.??.??"]

1. c4 c6 2. Nf3 Nf6 3. g3 d5 4. Bg2 e6 5. b3 Bd6 6. Bb2 O-O 7. O-O Nbd7 8. d4 Ne4 9. Nfd2 Nxd2 10. Nxd2 Nf6 11. e4 dxe4 12. Nxe4 Be7 13. Qc2 Bd7 14. Rad1 Nxe4 15. Bxe4 h6 16. d5 cxd5 17. cxd5 Rc8 18. Qb1 Qb6 19. d6 Bf6 20. Bxf6 gxf6 21. Qb2 Kg7 22. Qe2 f5 23. Bb1 Rc5 24. Qb2+ f6 25. Rfe1 Rfc8 26. b4 R8c6 27. Qd4 Rb5 28. a3 a5 29. Qxb6 Rbxb6 30. Bxf5 Rxd6 31. bxa5 Ra6 32. Be4 Rxd1 33. Rxd1 Bc6 34. Bxc6 bxc6 35. Rd7+ Kg6 36. Rc7 e5 37. h4 Rxa5 38. g4 Rxa3 39. Rxc6 Rh3 40. h5+ Kg7 41. Rc7+ Kg8 42. Kf1 Ra3 43. Ke2 Rb3 44. Rd7 Ra3 45. Rd3 Ra4 46. Rd8+ Kg7 47. Rd7+ Kg8 48. Kf3 Rb4 49. Ra7 Rf4+ 1/2-1/2

[Event "Shakin SM 2025"]
[Site "Shakkiareena, Helsinki, Finland"]
[Date "2025.06.27"]
[Round "1.4"]
[White "Koivumaki, Marko"]
[Black "Puuska, Heini"]
[Result "0-1"]
[WhiteElo "1744"]
[BlackElo "1945"]
[PlyCount "136"]
[GameId "535511371727"]
[EventDate "2025.??.??"]

1. c4 e6 2. Nc3 d5 3. e3 Nf6 4. Nf3 Be7 5. d4 O-O 6. Bd3 b6 7. O-O c5 8. b3 Nc6 9. Bb2 cxd4 10. Nxd4 Nxd4 11. exd4 Ba6 12. Rc1 Rc8 13. Nb5 dxc4 14. bxc4 Bxb5 15. cxb5 Qd7 16. Qb3 Nd5 17. Be4 Bg5 18. Rxc8 Rxc8 19. a4 g6 20. Re1 Qd6 21. g3 Bf6 22. Ba3 Qd8 23. Bb2 Rc7 24. Re2 Ne7 25. Rd2 Rd7 26. Qc4 Nf5 27. Bxf5 gxf5 28. f4 Rc7 29. Qb3 Qd5 30. Qd3 Rc4 31. Rc2 Bxd4+ 32. Bxd4 Qxd4+ 33. Qxd4 Rxd4 34. Ra2 Kf8 35. a5 Rb4 36. axb6 axb6 37. Ra8+ Kg7 38. Kg2 Rxb5 39. Kh3 Rb2 40. Rb8 b5 41. Rb7 Kf6 42. Rb8 b4 43. Rh8 b3 44. Rb8 Ke7 45. Rb7+ Ke8 46. Rb8+ Ke7 47. Rb7+ Kf6 48. Rb6 h6 49. Rb7 h5 50. Rb5 Ke7 51. Rb7+ Ke8 52. Rb8+ Kd7 53. Rb7+ Kc6 54. Rxf7 Rc2 55. Rf8 b2 56. Rb8 Kd5 57. Rb3 Kc4 58. Rb8 Kd3 59. Kh4 Rxh2+ 60. Kg5 Kc2 61. Rc8+ Kb1 62. Kf6 Re2 63. Rb8 Kc1 64. Rc8+ Rc2 65. Rb8 b1=Q 66. Rxb1+ Kxb1 67. Kxe6 Rg2 68. Kxf5 Rxg3 0-1

[Event "Shakin SM 2025"]
[Site "Shakkiareena, Helsinki, Finland"]
[Date "2025.06.27"]
[Round "1.5"]
[White "Piiroinen, Tero"]
[Black "Kukkonen, Martti"]
[Result "1-0"]
[WhiteElo "1892"]
[BlackElo "1653"]
[PlyCount "71"]
[GameId "535511371727"]
[EventDate "2025.??.??"]

1. d4 Nf6 2. Nf3 g6 3. g3 Bg7 4. Bg2 d6 5. O-O O-O 6. b3 Nbd7 7. Bb2 Re8 8. Nbd2 Rb8 9. a4 a6 10. Re1 e5 11. dxe5 dxe5 12. e4 c6 13. Nc4 Qc7 14. Nfxe5 Nh5 15. Nxd7 Bxd7 16. Bxg7 Nxg7 17. Qd6 Qxd6 18. Nxd6 Re7 19. Rad1 Ne8 20. f4 Bg4 21. Rd2 Nxd6 22. Rxd6 Bf5 23. Kf2 Rbe8 24. Rd4 c5 25. Rc4 b6 26. a5 Be6 27. Rc3 c4 28. axb6 cxb3 29. cxb3 Bd5 30. Rc7 Bxb3 31. Rxe7 Rxe7 32. Rb1 Bc2 33. b7 Bxb1 34. b8=Q+ Kg7 35. Qxb1 h5 36. Qa1+ 1-0

[Event "Shakin SM 2025"]
[Site "Shakkiareena, Helsinki, Finland"]
[Date "2025.06.27"]
[Round "2.2"]
[White "Ketola, Ville"]
[Black "Piiroinen, Tero"]
[Result "0-1"]
[WhiteElo "2112"]
[BlackElo "1892"]
[PlyCount "60"]
[GameId "535511573455"]
[EventDate "2025.??.??"]

1. e4 d6 2. d4 Nf6 3. Nc3 e5 4. d5 c6 5. Qd3 cxd5 6. Nxd5 Nxd5 7. Qxd5 Nc6 8. Bb5 Qc7 9. Be3 a6 10. Ba4 Be6 11. Qd2 Be7 12. Ne2 O-O 13. O-O Na5 14. Bb3 Rac8 15. Bxe6 fxe6 16. c3 Nc4 17. Qc1 d5 18. Bg5 Bc5 19. b3 Nd6 20. exd5 exd5 21. Be3 Ne4 22. c4 d4 23. Qc2 Qc6 24. f3 Ng5 25. h4 Nxf3+ 26. gxf3 Rxf3 27. Bf2 d3 28. Qd2 dxe2 29. Qxe2 Rg3+ 30. Kh2 Qg2# 0-1

[Event "Shakin SM 2025"]
[Site "Shakkiareena, Helsinki, Finland"]
[Date "2025.06.27"]
[Round "2.3"]
[White "Karasmaki, Seppo"]
[Black "Louhivaara, Jere"]
[Result "1/2-1/2"]
[WhiteElo "1785"]
[BlackElo "1900"]
[PlyCount "45"]
[GameId "535511573457"]
[EventDate "2025.??.??"]

1. d4 d5 2. Nf3 Nf6 3. e3 e6 4. c4 Be7 5. Nc3 O-O 6. Bd3 dxc4 7. Bxc4 c5 8. O-O Nc6 9. dxc5 Bxc5 10. Qe2 a6 11. Rd1 Qe7 12. a3 b5 13. Bd3 Bb7 14. Bd2 Rfd8 15. Rac1 Bb6 16. Bb1 Rd7 17. Ne4 Rad8 18. Nxf6+ Qxf6 19. Bc3 Qe7 20. Rxd7 Rxd7 21. Rd1 Qd8 22. Rxd7 Qxd7 23. Qd3 1/2-1/2

[Event "Shakin SM 2025"]
[Site "Shakkiareena, Helsinki, Finland"]
[Date "2025.06.27"]
[Round "2.4"]
[White "Oksanen, Timo"]
[Black "Salmenkivi, Eero"]
[Result "0-1"]
[WhiteElo "1861"]
[BlackElo "2050"]
[PlyCount "64"]
[GameId "535511573457"]
[EventDate "2025.??.??"]

1. d4 d5 2. Nf3 c5 3. g3 cxd4 4. Bg2 Nf6 5. O-O e6 6. Nxd4 Bc5 7. c3 O-O 8. Nd2 e5 9. N4b3 Be7 10. e4 Bg4 11. Qe1 Nc6 12. exd5 Nxd5 13. Nc4 f6 14. Qe4 Be6 15. Ne3 f5 16. Qd3 Nb6 17. Qe2 Qe8 18. Rd1 Qf7 19. Nf1 Bc4 20. Qc2 e4 21. Be3 Ne5 22. Nd4 g5 23. f4 Ng4 24. Qd2 Nd5 25. Nc2 Bxf1 26. Bxf1 Ndxe3 27. Nxe3 Bc5 28. Re1 Rad8 29. Qc1 gxf4 30. gxf4 Qh5 31. h3 Nxe3 32. Rxe3 Qf3 0-1

[Event "Shakin SM 2025"]
[Site "Shakkiareena, Helsinki, Finland"]
[Date "2025.06.27"]
[Round "2.5"]
[White "Kukkonen, Martti"]
[Black "Koivumaki, Marko"]
[Result "1-0"]
[WhiteElo "1653"]
[BlackElo "1744"]
[PlyCount "55"]
[GameId "535511573457"]
[EventDate "2025.??.??"]

1. c4 Nf6 2. Nc3 c5 3. g3 Nc6 4. Nf3 g6 5. Bg2 Bg7 6. O-O O-O 7. d3 e6 8. a3 d5 9. cxd5 exd5 10. Rb1 Qe7 11. Bg5 Be6 12. Re1 h6 13. Bd2 d4 14. Ne4 Nd7 15. Bf4 Nde5 16. Nxe5 Nxe5 17. Qc1 Rac8 18. Bxh6 c4 19. Bxg7 Kxg7 20. dxc4 Nxc4 21. Qf4 Rfd8 22. Red1 Rc6 23. Nd2 Rb6 24. Nxc4 Bxc4 25. Rxd4 Rf6 26. Qd2 Rfd6 27. Rxd6 Rxd6 28. Qc3+ 1-0

[Event "Shakin SM 2025"]
[Site "Shakkiareena, Helsinki, Finland"]
[Date "2025.06.27"]
[Round "3.1"]
[White "Ketola, Ville"]
[Black "Karasmaki, Seppo"]
[Result "1/2-1/2"]
[WhiteElo "2112"]
[BlackElo "1785"]
[PlyCount "75"]
[GameId "535511465937"]
[EventDate "2025.??.??"]

1. e4 g6 2. d4 c5 3. Nf3 Bg7 4. Nc3 cxd4 5. Nxd4 Nc6 6. Be3 d6 7. Bc4 Nf6 8. f3 O-O 9. Qd2 Bd7 10. O-O a6 11. Nxc6 Bxc6 12. a4 Rc8 13. Bb3 Nd7 14. Qf2 Nc5 15. Bd5 Bxc3 16. bxc3 Bxd5 17. exd5 Qd7 18. a5 Na4 19. Bh6 Nxc3 20. Bxf8 Kxf8 21. Rfe1 Nxd5 22. Rab1 Qa4 23. Rxb7 Rxc2 24. Qg3 Qd4+ 25. Kh1 Ne3 26. Qg5 Nf5 27. Qg4 Qd2 28. Rg1 h5 29. Qb4 Qf2 30. Qf4 e5 31. Qg5 Kg7 32. h3 Ng3+ 33. Kh2 Nf1+ 34. Kh1 Ng3+ 35. Kh2 Nf1+ 36. Kh1 Ng3+ 37. Kh2 Nf1+ 38. Kh1 1/2-1/2

[Event "Shakin SM 2025"]
[Site "Shakkiareena, Helsinki, Finland"]
[Date "2025.06.27"]
[Round "3.2"]
[White "Salmenkivi, Eero"]
[Black "Puuska, Heini"]
[Result "1-0"]
[WhiteElo "2050"]
[BlackElo "1945"]
[PlyCount "37"]
[GameId "535511590866"]
[EventDate "2025.??.??"]

1. c4 e6 2. g3 c5 3. Nf3 Nc6 4. Bg2 Nf6 5. O-O Be7 6. d4 cxd4 7. Nxd4 d5 8. cxd5 Nxd4 9. Qxd4 exd5 10. Nc3 Be6 11. Rd1 O-O 12. Bxd5 Qa5 13. Bxe6 Rad8 14. Bd5 Bc5 15. Qc4 Rc8 16. Qb5 Qxb5 17. Nxb5 Rfd8 18. Nc3 b5 19. Bg5 1-0

[Event "Shakin SM 2025"]
[Site "Shakkiareena, Helsinki, Finland"]
[Date "2025.06.27"]
[Round "3.3"]
[White "Louhivaara, Jere"]
[Black "Kukkonen, Martti"]
[Result "1-0"]
[WhiteElo "1900"]
[BlackElo "1653"]
[PlyCount "69"]
[GameId "535511590866"]
[EventDate "2025.??.??"]

1. e4 d6 2. d4 Nf6 3. Bd3 c6 4. Ne2 Nbd7 5. O-O Qc7 6. f4 e5 7. c3 Be7 8. Nd2 O-O 9. Nf3 Qb6 10. Kh1 Ng4 11. h3 Ngf6 12. fxe5 dxe5 13. dxe5 Ne8 14. Ned4 Qc7 15. e6 Nc5 16. exf7+ Rxf7 17. Bc4 Nd6 18. Bxf7+ Nxf7 19. Qe2 b6 20. b3 Qg3 21. Nxc6 Bd6 22. e5 Bf8 23. Nfd4 Qxc3 24. Bb2 Qg3 25. Rf3 Qg6 26. b4 Ne6 27. Raf1 Bd7 28. Rxf7 Nxd4 29. Rxf8+ Rxf8 30. Rxf8+ Kxf8 31. Nxd4 Qg3 32. Qf3+ Qxf3 33. Nxf3 h6 34. Kg1 Ke7 35. Kf2 1-0

[Event "Shakin SM 2025"]
[Site "Shakkiareena, Helsinki, Finland"]
[Date "2025.06.27"]
[Round "3.4"]
[White "Piiroinen, Tero"]
[Black "Tiitta, Sauli"]
[Result "0-1"]
[WhiteElo "1892"]
[BlackElo "2157"]
[PlyCount "72"]
[GameId "535511590866"]
[EventDate "2025.??.??"]

1. d4 Nf6 2. Nf3 d5 3. g3 c5 4. Bg2 cxd4 5. O-O Nc6 6. Nxd4 e5 7. Nxc6 bxc6 8. c4 Be7 9. Nc3 Be6 10. Bg5 e4 11. cxd5 cxd5 12. Qa4+ Qd7 13. Rfd1 Qxa4 14. Nxa4 O-O 15. Rac1 Rac8 16. Nc3 Bc5 17. Bxf6 gxf6 18. e3 Bb4 19. Nb5 Bg4 20. Rxc8 Rxc8 21. Rb1 Rb8 22. Nd4 Bc5 23. h3 Bd7 24. b3 Bxd4 25. exd4 Rb4 26. Rd1 a5 27. Rd2 a4 28. bxa4 Bxa4 29. Bf1 Kf8 30. g4 h5 31. Be2 h4 32. Kg2 Kg7 33. a3 Rb3 34. Ra2 Rb1 35. f3 e3 36. Bd3 Rd1 0-1

[Event "Shakin SM 2025"]
[Site "Shakkiareena, Helsinki, Finland"]
[Date "2025.06.27"]
[Round "3.5"]
[White "Koivumaki, Marko"]
[Black "Oksanen, Timo"]
[Result "1/2-1/2"]
[WhiteElo "1744"]
[BlackElo "1861"]
[PlyCount "85"]
[GameId "535511590867"]
[EventDate "2025.??.??"]

1. c4 Nf6 2. Nc3 g6 3. g3 Bg7 4. Bg2 O-O 5. d4 d6 6. Nf3 Nbd7 7. O-O c6 8. Rb1 a5 9. b3 Qc7 10. Bb2 e5 11. e3 Ne8 12. d5 Nc5 13. Ne1 Bf5 14. e4 Bd7 15. Nd3 Nxd3 16. Qxd3 f5 17. dxc6 bxc6 18. f3 f4 19. Ne2 g5 20. c5 Be6 21. cxd6 Nxd6 22. Rbc1 Rfd8 23. Qc2 Rac8 24. Rfd1 Nf7 25. Ba3 Bf8 26. Bxf8 Rxd1+ 27. Rxd1 Rxf8 28. Qc5 Rd8 29. Rxd8+ Nxd8 30. Nc1 Nf7 31. Bf1 Kg7 32. Bc4 Bxc4 33. Qxc4 Qb6+ 34. Kg2 h5 35. Qc3 Kg6 36. Ne2 Kf6 37. gxf4 Qb5 38. fxe5+ Nxe5 39. Qe3 g4 40. f4 Nf3 41. Qc3+ Kg6 42. f5+ Kf7 43. Qc4+ 1/2-1/2

[Event "Shakin SM 2025"]
[Site "Shakkiareena, Helsinki, Finland"]
[Date "2025.06.27"]
[Round "4.1"]
[White "Tiitta, Sauli"]
[Black "Salmenkivi, Eero"]
[Result "0-1"]
[WhiteElo "2157"]
[BlackElo "2050"]
[PlyCount "80"]
[GameId "535511487443"]
[EventDate "2025.??.??"]

1. e4 c5 2. Nf3 Nc6 3. d4 cxd4 4. Nxd4 Nf6 5. Nc3 e5 6. Ndb5 d6 7. Nd5 Nxd5 8. exd5 Nb8 9. a4 Be7 10. Be2 O-O 11. O-O Nd7 12. Be3 b6 13. a5 Bb7 14. a6 Bc8 15. b4 f5 16. f3 Nf6 17. c4 Ne8 18. Qb3 f4 19. Bf2 Bh4 20. c5 Bxf2+ 21. Rxf2 Rf6 22. Qc3 Rh6 23. cxd6 Qh4 24. Kf1 Qxh2 25. Ke1 Bd7 26. Qxe5 Qg1+ 27. Rf1 Qxg2 28. Rc1 Bxb5 29. Bxb5 Nxd6 30. Qe2 Qg3+ 31. Kd1 Nf5 32. Rc3 Ne3+ 33. Rxe3 fxe3 34. Qxe3 Qd6 35. Qd4 Rd8 36. Kc1 Rh2 37. Rg1 Qc7+ 38. Bc6 Qxc6+ 39. dxc6 Rxd4 40. c7 Rc4+ 0-1

[Event "Shakin SM 2025"]
[Site "Shakkiareena, Helsinki, Finland"]
[Date "2025.06.28"]
[Round "4.2"]
[White "Piiroinen, Tero"]
[Black "Louhivaara, Jere"]
[Result "1/2-1/2"]
[WhiteElo "1892"]
[BlackElo "1900"]
[PlyCount "111"]
[GameId "535555197907"]
[EventDate "2025.??.??"]

1. d4 d5 2. Nf3 Nf6 3. g3 e6 4. Bg2 c5 5. O-O Nc6 6. c4 dxc4 7. dxc5 Qxd1 8. Rxd1 Bxc5 9. Nbd2 Na5 10. Ne5 Ke7 11. Ndxc4 Nxc4 12. Nxc4 Rd8 13. Bg5 h6 14. Bf4 Nd5 15. Be5 f6 16. Bd4 Bxd4 17. Rxd4 b6 18. e4 Nb4 19. Rxd8 Kxd8 20. a3 Nc6 21. e5 Bd7 22. Rc1 Rc8 23. Nd6 Rc7 24. exf6 gxf6 25. Nf7+ Ke7 26. Nxh6 f5 27. g4 fxg4 28. Nxg4 Rc8 29. Kf1 Rg8 30. h3 Nd4 31. Rc7 Rg5 32. Rxa7 Kd6 33. Ke1 Bb5 34. Rb7 Kc5 35. b4+ Kc4 36. Bf1+ Kb3 37. Bxb5 Rxb5 38. Ne3 Kxa3 39. Rxb6 Rh5 40. Kd2 Rxh3 41. Kc3 Ne2+ 42. Kd3 Nf4+ 43. Kc4 Rh4 44. Ra6+ Kb2 45. Kb5 Nd3 46. Nc4+ Kb3 47. Ra3+ Kc2 48. Ne3+ Kd2 49. Nf1+ Ke2 50. Ng3+ Kd2 51. Rb3 Kc2 52. Ra3 Rxb4+ 53. Kc6 Rf4 54. Kd6 e5 55. Ra2+ Kb3 56. Re2 1/2-1/2

[Event "Shakin SM 2025"]
[Site "Shakkiareena, Helsinki, Finland"]
[Date "2025.06.28"]
[Round "4.3"]
[White "Puuska, Heini"]
[Black "Karasmaki, Seppo"]
[Result "1-0"]
[WhiteElo "1945"]
[BlackElo "1785"]
[PlyCount "53"]
[GameId "535555204052"]
[EventDate "2025.??.??"]

1. d4 Nf6 2. Nf3 d5 3. g3 e6 4. Bg2 c5 5. e3 Nc6 6. O-O Bd6 7. c4 cxd4 8. exd4 dxc4 9. Nbd2 O-O 10. Nxc4 Nd5 11. Nxd6 Qxd6 12. a3 Bd7 13. b4 Rac8 14. b5 Na5 15. a4 Rfd8 16. Ba3 Qb8 17. Ne5 Be8 18. h4 Nc4 19. Nxc4 Rxc4 20. Rc1 Rxc1 21. Qxc1 a6 22. Qc5 h6 23. Qf8+ Kh7 24. Be4+ g6 25. Bc1 f5 26. Bxd5 exd5 27. Bf4 1-0

[Event "Shakin SM 2025"]
[Site "Shakkiareena, Helsinki, Finland"]
[Date "2025.06.28"]
[Round "4.4"]
[White "Koivumaki, Marko"]
[Black "Ketola, Ville"]
[Result "0-1"]
[WhiteElo "1744"]
[BlackElo "2112"]
[PlyCount "72"]
[GameId "535555217364"]
[EventDate "2025.??.??"]

1. c4 e5 2. e4 Bc5 3. d3 Nc6 4. Nf3 d6 5. h3 f5 6. Bg5 Nf6 7. exf5 Bxf5 8. Nbd2 O-O 9. Be2 Qd7 10. Nh4 Be6 11. Bxf6 Rxf6 12. Ne4 Bb4+ 13. Nd2 Raf8 14. Nhf3 Nd4 15. Nxd4 exd4 16. f3 d5 17. cxd5 Qxd5 18. a3 Bxd2+ 19. Qxd2 Rg6 20. Kf2 Qe5 21. g4 h5 22. Rag1 hxg4 23. hxg4 Rxg4 24. Rxg4 Bxg4 25. Rg1 Qh2+ 26. Rg2 Qh4+ 27. Rg3 Rf6 28. Qa5 Be6 29. Qxc7 Rg6 30. Bf1 Bf5 31. Qb8+ Kh7 32. Qe5 Qh2+ 33. Bg2 Rxg3 34. Qxf5+ Rg6 35. Qh3+ Qxh3 36. Bxh3 Rb6 0-1

[Event "Shakin SM 2025"]
[Site "Shakkiareena, Helsinki, Finland"]
[Date "2025.06.28"]
[Round "4.5"]
[White "Kukkonen, Martti"]
[Black "Oksanen, Timo"]
[Result "0-1"]
[WhiteElo "1653"]
[BlackElo "1861"]
[PlyCount "136"]
[GameId "535555240916"]
[EventDate "2025.??.??"]

1. c4 e5 2. Nc3 Nf6 3. d3 c6 4. e4 Be7 5. Nf3 d6 6. h3 Nbd7 7. Bg5 h6 8. Be3 Qa5 9. Nd2 O-O 10. Nb3 Qc7 11. Be2 Re8 12. Qd2 Bf8 13. O-O b6 14. a4 a5 15. Rac1 Nc5 16. Nxc5 bxc5 17. f4 exf4 18. Bxf4 Qe7 19. Rf2 g5 20. Bg3 Bg7 21. Rcf1 Be6 22. Nd1 Nd7 23. Ne3 Bd4 24. Kh2 Be5 25. Nf5 Bxf5 26. Rxf5 Bxg3+ 27. Kxg3 Ne5 28. Bh5 Rf8 29. Kh2 Ng6 30. g3 Rab8 31. R1f2 Ne5 32. Qc3 f6 33. Bd1 Rb4 34. b3 Kg7 35. Kg2 Qe6 36. Bh5 Qe7 37. Bd1 Qb7 38. Rb2 d5 39. Bc2 d4 40. Qd2 Rxa4 41. Bd1 Ra1 42. Rf2 Qb4 43. Qc2 Qe1 44. Rf1 Qe3 45. Be2 Rxf1 46. Bxf1 Qf3+ 47. Kg1 Qxg3+ 48. Kh1 Nf3 49. Qg2 Qxg2+ 50. Bxg2 Ne5 51. Bf1 f5 52. Rf2 fxe4 53. Rxf8 Kxf8 54. dxe4 d3 55. Kg2 d2 56. Be2 Nd3 57. Kf3 Nf4 58. h4 Nxe2 59. Kxe2 g4 60. Kxd2 h5 61. Ke3 Ke7 62. Kf4 Ke6 63. e5 g3 64. Kxg3 Kxe5 65. Kf3 Kf5 66. Kg3 Ke4 67. Kg2 Kf4 68. Kh3 Kf3 0-1

[Event "Shakin SM 2025"]
[Site "Shakkiareena, Helsinki, Finland"]
[Date "2025.06.27"]
[Round "5.1"]
[White "Salmenkivi, Eero"]
[Black "Piiroinen, Tero"]
[Result "1-0"]
[WhiteElo "2050"]
[BlackElo "1892"]
[PlyCount "71"]
[GameId "535511500757"]
[EventDate "2025.??.??"]

1. c4 e6 2. Nf3 Nf6 3. g3 d5 4. Bg2 d4 5. b4 c5 6. Bb2 Qc7 7. bxc5 e5 8. e3 Bxc5 9. exd4 exd4 10. Nxd4 O-O 11. O-O Bxd4 12. Bxd4 Qxc4 13. Bxf6 gxf6 14. Nc3 Nc6 15. Qf3 Qd4 16. Nd5 f5 17. Qe3 Qg7 18. Rab1 h5 19. Nc7 Bd7 20. Nxa8 Rxa8 21. Rxb7 Re8 22. Qc5 Ne5 23. d4 Bc8 24. Rc7 Ba6 25. dxe5 Bxf1 26. Bxf1 Rxe5 27. Qxa7 Re1 28. Qa8+ Kh7 29. Qa5 Re5 30. Qc3 Kg6 31. a4 h4 32. a5 f4 33. a6 hxg3 34. hxg3 fxg3 35. fxg3 Kh5 36. Qf3+ 1-0

[Event "Shakin SM 2025"]
[Site "Shakkiareena, Helsinki, Finland"]
[Date "2025.06.28"]
[Round "5.2"]
[White "Louhivaara, Jere"]
[Black "Tiitta, Sauli"]
[Result "0-1"]
[WhiteElo "1900"]
[BlackElo "2157"]
[PlyCount "40"]
[GameId "535583756245"]
[EventDate "2025.??.??"]

1. e4 c5 2. c3 g6 3. Nf3 Bg7 4. d4 cxd4 5. cxd4 d5 6. exd5 Nf6 7. Nc3 Nxd5 8. Be2 O-O 9. O-O Nc6 10. Qb3 Be6 11. Qxb7 Ndb4 12. Qb5 Nc2 13. Rb1 N2xd4 14. Nxd4 Nxd4 15. Qa4 Nxe2+ 16. Nxe2 Qd3 17. Bg5 Qxe2 18. Bxe7 Rfe8 19. Bc5 Bf5 20. Rbd1 Bc2 0-1

[Event "Shakin SM 2025"]
[Site "Shakkiareena, Helsinki, Finland"]
[Date "2025.06.28"]
[Round "5.3"]
[White "Oksanen, Timo"]
[Black "Puuska, Heini"]
[Result "0-1"]
[WhiteElo "1861"]
[BlackElo "1945"]
[PlyCount "100"]
[GameId "535583756245"]
[EventDate "2025.??.??"]

1. e4 c5 2. Nf3 d6 3. c3 Nf6 4. Be2 g6 5. O-O Bg7 6. d3 O-O 7. Nbd2 b5 8. d4 Qb6 9. dxc5 dxc5 10. Re1 Bb7 11. Bf1 Nc6 12. a4 a6 13. h3 Rad8 14. axb5 axb5 15. Qb3 b4 16. Nc4 Qc7 17. cxb4 Nxb4 18. Bd2 Bxe4 19. Bxb4 cxb4 20. Nfd2 Ba8 21. Qxb4 Nd5 22. Qa5 Qf4 23. g3 Qb8 24. Qa7 Qc8 25. Rac1 Qf5 26. Bg2 Nb4 27. Re2 Bxg2 28. Kxg2 e6 29. Nf3 Nd3 30. Rcc2 Bh6 31. Qa5 Rd5 32. Qc3 Bg7 33. Ne3 Qh5 34. Qc4 Rd7 35. b4 Rfd8 36. g4 Qh6 37. g5 Qh5 38. b5 Qxf3+ 39. Kxf3 Ne5+ 40. Kg2 Nxc4 41. Nxc4 Rd5 42. h4 Rxb5 43. Nd2 h6 44. Ne4 hxg5 45. hxg5 Be5 46. Rc4 Kg7 47. f4 Bxf4 48. Nc5 Rd2 49. Rxf4 Rxe2+ 50. Kf3 Re5 0-1

[Event "Shakin SM 2025"]
[Site "Shakkiareena, Helsinki, Finland"]
[Date "2025.06.28"]
[Round "5.4"]
[White "Ketola, Ville"]
[Black "Kukkonen, Martti"]
[Result "1-0"]
[WhiteElo "2112"]
[BlackElo "1653"]
[PlyCount "51"]
[GameId "535583756246"]
[EventDate "2025.??.??"]

1. e4 d6 2. d4 Nf6 3. Nc3 c6 4. Bg5 Nbd7 5. Qd2 e5 6. Nf3 Be7 7. O-O-O b5 8. Bd3 Qa5 9. Kb1 h6 10. Bh4 g5 11. Bg3 g4 12. dxe5 gxf3 13. exf6 fxg2 14. Rhg1 Nxf6 15. Rxg2 Be6 16. b3 Bg4 17. Re1 Bf3 18. Rgg1 Nd7 19. e5 Bg5 20. exd6+ Kd8 21. Bf4 Bf6 22. Ne4 Qa3 23. Nxf6 Nxf6 24. Qc3 Nd5 25. Qxh8+ Kd7 26. Bf5# 1-0

[Event "Shakin SM 2025"]
[Site "Shakkiareena, Helsinki, Finland"]
[Date "2025.06.27"]
[Round "6.1"]
[White "Salmenkivi, Eero"]
[Black "Ketola, Ville"]
[Result "1-0"]
[WhiteElo "2050"]
[BlackElo "2112"]
[PlyCount "61"]
[GameId "535511518166"]
[EventDate "2025.??.??"]

1. c4 e5 2. Nc3 Bb4 3. Nd5 a5 4. Nf3 e4 5. Ng5 Qxg5 6. Nxc7+ Kd8 7. Nxa8 e3 8. f3 Qh4+ 9. g3 Qd4 10. a3 Be7 11. Qb3 Bc5 12. dxe3 Qf6 13. Bd2 Qa6 14. Qb5 b6 15. b4 axb4 16. Qxa6 Nxa6 17. axb4 Nxb4 18. Kd1 Bb7 19. Bxb4 Bxb4 20. Nxb6 Bc5 21. Nd5 Ne7 22. e4 Nc8 23. Kd2 f5 24. exf5 h5 25. e4 Rh6 26. Bd3 Bd4 27. Rab1 Bc6 28. f4 d6 29. Rhe1 Na7 30. e5 dxe5 31. fxe5 1-0

[Event "Shakin SM 2025"]
[Site "Shakkiareena, Helsinki, Finland"]
[Date "2025.06.29"]
[Round "6.2"]
[White "Puuska, Heini"]
[Black "Louhivaara, Jere"]
[Result "0-1"]
[WhiteElo "1945"]
[BlackElo "1900"]
[PlyCount "105"]
[GameId "535659071446"]
[EventDate "2025.??.??"]

1. d4 d5 2. Nc3 Nf6 3. Bf4 c6 4. e3 Bf5 5. Bd3 Bg6 6. Nf3 Nbd7 7. Ne5 Bxd3 8. cxd3 e6 9. O-O Be7 10. a3 O-O 11. b4 a5 12. b5 c5 13. Nxd7 Qxd7 14. dxc5 Bxc5 15. d4 Bd6 16. Bxd6 Qxd6 17. Qd3 Rfc8 18. Na4 Rc4 19. Nb2 Rc7 20. Rfc1 Rac8 21. Qd1 h6 22. Nd3 Ne4 23. Rxc7 Rxc7 24. f3 Nc3 25. Qd2 a4 26. Nc5 Nxb5 27. Qa5 b6 28. Qxb5 bxc5 29. Qxa4 cxd4 30. Qxd4 Rc4 31. Qa7 Qe5 32. Re1 Qb2 33. Qa6 Rc2 34. Qf1 Qxa3 35. Re2 Rc3 36. Kf2 Qc5 37. Qd1 e5 38. Qa4 f6 39. h4 Qc4 40. Qe8+ Kh7 41. e4 Rc2 42. Rxc2 Qxc2+ 43. Kg3 dxe4 44. h5 exf3 45. gxf3 Qf5 46. Kg2 Qg5+ 47. Kf2 f5 48. Qf7 Qf6 49. Qe8 e4 50. Ke3 Qc3+ 51. Kf4 Qxf3+ 52. Ke5 Qg4 53. Kd6 0-1

[Event "Shakin SM 2025"]
[Site "Shakkiareena, Helsinki, Finland"]
[Date "2025.06.29"]
[Round "6.3"]
[White "Tiitta, Sauli"]
[Black "Koivumaki, Marko"]
[Result "1-0"]
[WhiteElo "2157"]
[BlackElo "1744"]
[PlyCount "123"]
[GameId "535659071447"]
[EventDate "2025.??.??"]

1. e4 d5 2. exd5 Nf6 3. Bb5+ Bd7 4. Be2 Bf5 5. d4 Nxd5 6. Nf3 e6 7. a3 Be7 8. c4 Nf6 9. Nc3 a5 10. Nh4 Be4 11. Nxe4 Nxe4 12. Nf3 Nd7 13. Qb3 b6 14. O-O O-O 15. Rd1 Qc8 16. Qe3 Qb7 17. Nd2 Nxd2 18. Bxd2 Ra7 19. Bc3 Bf6 20. f4 c6 21. a4 Qc7 22. Rac1 c5 23. d5 exd5 24. cxd5 Qd6 25. Bb5 Raa8 26. Bxf6 Nxf6 27. Qe5 Rad8 28. Bc6 Ng4 29. Qg5 Nf6 30. h3 Nd7 31. Rd3 h6 32. Qf5 Rfe8 33. Rg3 Re7 34. Rd1 Kh8 35. Rdd3 Nf6 36. Rde3 g6 37. Qd3 Rxe3 38. Rxe3 Kh7 39. Re5 Nd7 40. Bxd7 Rxd7 41. Qe4 Qf6 42. Kh2 Kg7 43. b3 Rd6 44. g3 h5 45. Kg2 Rd7 46. Kf3 Rd6 47. Ke3 Qd8 48. h4 Qd7 49. f5 Rf6 50. Re7 Qd6 51. Qe5 Qxe5+ 52. Rxe5 b5 53. axb5 Rb6 54. fxg6 Kxg6 55. Kd3 Rxb5 56. Kc4 Rb4+ 57. Kxc5 Rxb3 58. d6 Kf6 59. Rd5 Rb8 60. d7 Ke7 61. Kc6 Kd8 62. Rxh5 1-0